Pierce The Veil - Stay Away From My Friends Lyrics - Statistics

General Stats
  • This quiz has been taken 12 times
  • The average score is 185 of 224
Answer Stats
Answer % Correct
a
100%
A
100%
be
100%
don't
100%
I
100%
in
100%
it's
100%
I've
100%
know
100%
me
100%
that
100%
the
100%
to
100%
When
100%
you
100%
And
88%
and
88%
as
88%
away
88%
baby,
88%
Baby,
88%
back
88%
But
88%
carry
88%
Cause
88%
count
88%
Down
88%
for
88%
friends
88%
from
88%
good,
88%
good
88%
home
88%
I'll
88%
like
88%
my
88%
need
88%
no,
88%
now
88%
on,
88%
over,
88%
So,
88%
stay
88%
Stay
88%
ten
88%
them
88%
thought
88%
up
88%
want
88%
we
88%
what
88%
would
88%
beautiful
75%
bed
75%
bedroom
75%
been
75%
before
75%
birthday
75%
call
75%
can
75%
christmas
75%
come
75%
damn
75%
face
75%
glass
75%
had
75%
heard
75%
hearts
75%
how
75%
inside
75%
into
75%
listen
75%
Louisiana,
75%
made
75%
middle
75%
most
75%
never
75%
night
75%
of
75%
only
75%
say
75%
shattering
75%
take
75%
thing
75%
thousand
75%
throat
75%
tie
75%
torturing
75%
unromantic
75%
us
75%
used
75%
veins
75%
Waking
75%
with
75%
years
75%
your
75%
you're
75%
couch
63%
diamond
63%
downstairs
63%
every
63%
is
63%
neighbors
63%
penny
63%
ring
63%
rivers
63%
something
63%
wake
63%
ways
63%
you've
63%
Anna,
50%
believe
50%
blood
50%
can't
50%
cave
50%
club
50%
Just
50%
kissing
50%
look
50%
next
50%
(oh)
50%
Oh,
50%
Oh (son i aint typing all that)
50%
razors
50%
scene
50%
still
50%
strip
50%
telling
50%
They
50%
evacuation
38%
get
38%
This
38%
Scaring
25%
No matching quizzes found
Score Distribution
Percent of People with Each Score
Percentile by Number Answered
Your Score History
You have not taken this quiz